Statistiques concernant Vocabulaire espagnol - La ciudad y sus servicios

Cliquez ici pour prendre le quiz!

Statistiques générales

  • Ce quiz a été pris 15 fois
  • Le résultat moyen est 7 sur 61

Statistiques - réponses

FrançaisEspagnol% Correct
le piétonel peatón
45%
l'hôtel de villeel ayuntamiento
36%
le faubourgel suburbio
36%
le tramwayel tranvía
36%
la boucheriela carnicería
36%
la routela carretera
36%
la bijouteriela joyería
36%
el camarerole serveur
36%
le cimetièreel cementerio
27%
la pelouseel césped
27%
la cavela bodega
27%
l'anglela esquina
27%
le réverbèrela farola
27%
l'horlogeriela relojería
27%
les bidonvilleslas chabolas
27%
l'abattoirel matadero
18%
le passantel transeúnte
18%
le trottoirla acera
18%
le bureau de postela oficina de correos
18%
le pourboirela propina
18%
le bistrotel bodegón
9%
l'impasseel callejón sin salida
9%
le vendeurel dependiente
9%
la fontaineel fuente
9%
le massifel macizo
9%
l'entrée d'une ruela bocacalle
9%
le snack-barla cafetería
9%
la ruellela calleja
9%
la chausséela calzada
9%
la friteriela freiduría
9%
le rond-pointla glorieta
9%
le boulevard de ceinturela ronda
9%
l'escalatorlas escaleras mecánicas
9%
le salon de théla tetería
9%
l'épiceriela tienda de ultramarinos
9%
les grands magasinslos grandes almacenes
9%
les Ponts et ChausséesCaminos, Canales y Puertos
0%
les égoutsel alcantarillado
0%
le parterreel arriate
0%
la piste cyclableel carril bici
0%
le caddieel carrito de la compra
0%
la buvetteel chiringuito
0%
le château d'eauel depósito de agua
0%
le terrain vagueel descampado
0%
la proche banlieueel extrarradio
0%
le garçon de caféel mozo de café
0%
l'habituéel parroquiano
0%
l'aubergisteel posadero
0%
le marché aux puces de Madridel Rastro
0%
le veilleur de nuitel sereno
0%
l'agence pour l'emploila agencia de colocación
0%
la promenade bordée d'arbresla alameda
0%
la bijouterie de fantaisiela bisutería
0%
le coursla carrera
0%
le périphérique extérieurla circunvalación
0%
la départementalela comarcal
0%
la crèchela guardería infantil
0%
le pâté de maisonla manzana
0%
l'aubergela posada
0%
la pâtisseriela repostería
0%
le panneau publicitairela valla publicitaria
0%

Distribution des résultats

Percentile par nombre de réponses

% des personnes avec chaque résultat

Votre développement - résultats

Vous n’avez pas pris ce quiz